000 00336 a2200157 4500
001 48361
020 _a9788573192421
040 _cAnchieta - Bela Vista
100 _aMAGDALENA
240 1 0 _aVovô resmungão
_lpor
245 1 0 _aVovô resmungão
300 _a24 p.
362 0 _a2008
650 4 _aLiteratura infantil
942 _cBK
999 _c48361
_d48361